| 000 | 00736nam a2200193 a 4500 | ||
|---|---|---|---|
| 001 | 1780 | ||
| 005 | 20140414131854.0 | ||
| 008 | 010319s19uu xx 00 eng d | ||
| 020 | _a0-516-43351-2 | ||
| 050 |
_aM 808.3 _bH232 1980 |
||
| 100 | _aHamsa, Bobbie | ||
| 245 |
_aYour pet bear / _cby Bobbie Hamsa ; illustrations by Tom Dunnington. |
||
| 260 |
_aChicago : _bChildren Press, _c1980. |
||
| 300 | _a31 p. : ill. ; cm. | ||
| 440 | _aFar-fetched pets. | ||
| 520 | _aDiscusses the advatange of having a bear for a pet, such as his ability to dig a good hole and eat all the foods that one hates, and gives instructions for his general care and housing. | ||
| 650 |
_aBears _xAnecdotes, facetiae, satire, etc. |
||
| 999 |
_c110358 _d110358 |
||